<?xml version="1.0" encoding="UTF-8"?><OAI-PMH xmlns="http://www.openarchives.org/OAI/2.0/" xmlns:xsi="http://www.w3.org/2001/XMLSchema-instance"     xsi:schemaLocation="http://www.openarchives.org/OAI/2.0/ http://www.openarchives.org/OAI/2.0/OAI-PMH.xsd"><responseDate>2026-05-16T19:04:48Z</responseDate><request verb="GetRecord" identifier="oai:regmurcia.com:fintegr.589" metadataPrefix="marc21">http://oai.regmurcia.com/oai2/oai2.php</request><GetRecord><record><header><identifier>oai:regmurcia.com:fintegr.589</identifier><datestamp>2026-05-16</datestamp><setSpec>documentos</setSpec></header><metadata><record  xmlns="http://www.loc.gov/MARC21/slim" xmlns:xsi="http://www.w3.org/2001/XMLSchema-instance" xsi:schemaLocation="http://www.loc.gov/MARC21/slim http://www.loc.gov/standards/marcxml/schema/MARC21slim.xsd" type="Bibliographic"><leader>00000nam a2200000   4500</leader><controlfield tag="001" >005074913</controlfield><controlfield tag="003" >589</controlfield><controlfield tag="004" >A00000000</controlfield><datafield tag="245" ind1=" " ind2=" "><subfield code="a">Carta del concejo de Murcia a los regidores de esa ciudad que están en Fortuna sobre el abastecimiento de pescado para la ciudad.</subfield></datafield><datafield tag="300" ind1=" " ind2=" "><subfield code="c">189 x 303 mm.</subfield></datafield><datafield tag="351" ind1=" " ind2=" "><subfield code="a">Unidad Documental simple</subfield><subfield code="c">Archivo de Murcia. Array</subfield><subfield code="a">Unidad Documental simple</subfield><subfield code="c">Archivo de Murcia. Array</subfield></datafield><datafield tag="351" ind1=" " ind2=" "><subfield code="b">Nº 22</subfield></datafield><datafield tag="506" ind1=" " ind2=" "><subfield code="a">Acceso restringido</subfield></datafield><datafield tag="520" ind1=" " ind2=" "><subfield code="a">El concejo de Murcia pide a los regidores y jurados que se encuentran en la villa de Fortuna se encarguen del abastecimiento de pescado para el tiempo de la Cuaresma, el cual ha escaseado mucho por motivo de la peste que está asolando la ciudad. Para ello se les encarga estudiar la oferta de Pedro Alfonso, abastecedor de pescado gallego.</subfield></datafield><datafield tag="583" ind1=" " ind2=" "><subfield code="u">http://www.regmurcia.com/servlet/s.Sl?METHOD=VERDOCUMENTO&amp;sit=serv,Carmesi&amp;n=/01/1124/indice.djvu</subfield></datafield><datafield tag="592" ind1=" " ind2=" "><subfield code="a">1489-02-07</subfield></datafield><datafield tag="592" ind1=" " ind2=" "><subfield code="d">1489-02-07 00:00:00</subfield></datafield><datafield tag="651" ind1=" " ind2=" "><subfield code="a">Murcia</subfield></datafield><datafield tag="786" ind1=" " ind2=" "><subfield code="o">http://www.regmurcia.com/servlet/s.Sl?METHOD=VERDOCUMENTO&amp;sit=serv,Carmesi&amp;n=/01/1124/indice.djvu</subfield></datafield><datafield tag="856" ind1=" " ind2=" "><subfield code="u">http://www.regmurcia.com/servlet/s.Sl?METHOD=DETALLE&amp;sit=c,373,m,139,serv,Carmesi&amp;id=589</subfield></datafield></record></metadata></record></GetRecord></OAI-PMH>
